| 000 | 00607nam a2200205 a 4500 | ||
|---|---|---|---|
| 001 | 000000061 | ||
| 005 | 20250205063745.0 | ||
| 008 | 991125s1967 mx 000 0 spa u | ||
| 035 | _aUPN01000014893 | ||
| 049 | _aCG | ||
| 050 | 4 |
_aHD20.5 _bD5.6 |
|
| 245 | 0 | 0 |
_aDiagnóstico por funciones : _btema VII / _cCentro Nacional de Productividad. |
| 260 |
_aMéxico : _bARMO : _bCENAPRO, _c1967. |
||
| 300 |
_a232 h. : _bil. |
||
| 440 | 0 | _aAutodiagnóstico | |
| 500 | _aDatos tomados de la cubierta | ||
| 650 | 4 |
_aInvestigación operativa _921138 |
|
| 650 | 4 |
_aAdministración industrial _9500 |
|
| 905 | _aLibro | ||
| 999 |
_c14893 _d14893 |
||